Assistência de enfermagem em infectologia (Record no. 67366)

MARC details
000 -LÍDER
campo de controle de tamanho fixo 00435 a2200157 4500
001 - NÚMERO DE CONTROLE
campo de controle 67366
020 ## - ISBN - INTERNATIONAL STANDARD BOOK NUMBER
ISBN - International Standard Book Number 9788538805069
040 ## - FONTE DA CATALOGAÇÃO
Instituição que transcreveu o registro Anchieta - Pituba
100 ## - ENTRADA PRINCIPAL--NOME PESSOAL
Nome pessoal Moraes, Marcia de Souza
240 10 - TÍTULO UNIFORME
Título uniforme Assistência de enfermagem em infectologia
Idioma da obra por
245 10 - TÍTULO
Título Assistência de enfermagem em infectologia
300 ## - DESCRIÇÃO FÍSICA
Extensão 438
362 0# - DATAS DE PUBLICAÇÃO E/OU DESIGNAÇÃO SEQUENCIAL
Datas de publicação e/ou designação sequencial 2014
650 #4 - ASSUNTO--TERMO TÓPICO
Cabeçalho tópico ou nome geográfico .  Estudo, pesquisa, enfermagem e tópicos relacionados
942 ## - ELEMENTOS DE ENTRADA ADICIONADOS (KOHA)
Tipo de material Koha Livros
Holdings
Situação do descarte Situação das perdas Situação física Não pode ser emprestado Biblioteca de origem Biblioteca atual Data de aquisição Total de empréstimos Número de chamada completo Código de barras Data de último acesso Data do preço efetivo Tipo de material Koha
        Colégio Anchieta - Pituba Colégio Anchieta - Pituba 21/11/2023   610.7   M827a MOR ASS 22365/PIT 21/11/2023 21/11/2023 Livros